000 01327nam a22003257a 4500
003 OSt
005 20230622080349.0
008 221006b |||||||| |||| 00| 0 eng d
040 _cBiblioteca Lado V
082 _a709.05
_bG851a
100 _9855
_aGriffin, Tim
_eeditor
245 _aArtforum/
_bInternacional/
260 _aNew York
_c2010
_bNew York editorial and business offices
300 _c26.5x27cm
_a228p.
366 _eeng
490 _aENERO
_v2010
_x0864-1315
505 _tLETTERS
505 _tCOLUMNS
_aEDITORS'S LETTER: IN SECRECY PASSAGES BOOKS FILM PERFORMANCE SLANT DISPATCH TOP TEN
505 _tFEATURES
_aDISARMING TIME 1000 WORDS MY FUNNY VALENTINE LYNDA BENGLIS POWERS OF PROJECTION OPENINGS
505 _tREVIEWS
650 _2Tesauro de Arte & Arquitectura
_aARTE COMTEMPORANEO
_9703
650 _2Tesauro de Arte & Arquitectura
_aFOTOGRAFIA
_9702
650 _2Tesauro de Arte & Arquitectura
_aARTE VISUAL
_9702
650 _2Tesauro de Arte & Arquitectura
_aLIBROS
650 _2Tesauro de Arte & Arquitectura
_aNOTICIAS
650 _2 Tesauro de Arte & Arquitectura
_aARTE INTERNACIONAL
650 _2 Tesauro de Arte & Arquitectura
_aESCULTURA
700 _aNavarreta, Jose Antonio
_eeditor
942 _2ddc
_c1
_h709.05
_iG851a
_n0
999 _c3911
_d3911